| 000 | 00595nam a2200205Ia 4500 | ||
|---|---|---|---|
| 005 | 20260429111907.0 | ||
| 008 | 260429s9999||||xx |||||||||||||| ||und|| | ||
| 020 | _a9783031381102 | ||
| 041 | _aEnglish | ||
| 082 |
_a306.8 _bMYR |
||
| 100 | _aMyra, Siv Merete | ||
| 245 | 0 |
_aNew horizons in systemic practice with children and families / _cSiv Merete Myra |
|
| 260 |
_aSwitzerland : _bSpringer, _c2024. |
||
| 300 | _axiv, 203 p.; pbk | ||
| 440 | _aPalgrave texts in counselling and psychotherapy | ||
| 650 | _aFamily | ||
| 700 | _a Axberg, Ulf | ||
| 700 | _a Grover, Tone | ||
| 942 | _cTB | ||
| 999 |
_c51308 _d51308 |
||